000 00295nam a22000977a 4500
008 241204b |||||||| |||| 00| 0 eng d
020 _a9788129146069
100 _aBhattacharya Abhirup
_97820
245 _aWinning Like Virat Think & Succeed Like Kohli
260 _aNew Delhi
_bRupa Publications
_c2018
999 _c12723
_d12723